Chaco Trágico / (Record no. 2909)

MARC details
000 -LEADER
campo de control de longitud fija 00826nam a22002297a 4500
003 - IDENTIFICADOR DE NÚMERO DE CONTROL
campo de control OSt
005 - FECHA Y HORA DE LA ÚLTIMA TRANSACCIÓN
campo de control 20230126110006.0
008 - DATOS DE LONGITUD FIJA--INFORMACIÓN GENERAL
campo de control de longitud fija 160111b xxu||||| |||| 00| 0 eng d
020 ## - NÚMERO INTERNACIONAL ESTÁNDAR DEL LIBRO
Número Internacional Estándar del Libro 978 99954 0 381 2
040 ## - FUENTE DE CATALOGACIÓN
Centro/agencia transcriptor Lado V
082 ## - NÚMERO DE LA CLASIFICACIÓN DECIMAL DEWEY
Número de clasificación 743.5
Número de ítem P419c
100 ## - ENTRADA PRINCIPAL--NOMBRE DE PERSONA
9 (RLIN) 503
Nombre de persona Pentimalli, Michela
Término indicativo de función/relación curadora
245 ## - MENCIÓN DEL TÍTULO
Título Chaco Trágico /
Resto del título Flora Doliente y Angustia de los hombres/
260 ## - PUBLICACIÓN, DISTRIBUCIÓN, ETC.
Lugar de publicación, distribución, etc. Australia
Nombre del editor, distribuidor, etc. Fundación Simon I. Patino
Fecha de publicación, distribución, etc. 2008
300 ## - DESCRIPCIÓN FÍSICA
Extensión 136p.
Otras características físicas il. (col.)
Dimensiones 21x28cm.
500 ## - NOTA GENERAL
Nota general Notas en español, inglés y alemán
650 ## - PUNTO DE ACCESO ADICIONAL DE MATERIA--TÉRMINO DE MATERIA
Término de materia o nombre geográfico como elemento de entrada DIBUJO
Fuente del encabezamiento o término Tesauro de Arte & Arquitectura
650 ## - PUNTO DE ACCESO ADICIONAL DE MATERIA--TÉRMINO DE MATERIA
Término de materia o nombre geográfico como elemento de entrada DENUNCIA SOCIAL
Fuente del encabezamiento o término Tesauro de Arte & Arquitectura
650 ## - PUNTO DE ACCESO ADICIONAL DE MATERIA--TÉRMINO DE MATERIA
Término de materia o nombre geográfico como elemento de entrada GUERRA
Fuente del encabezamiento o término Tesauro de Arte & Arquitectura
650 ## - PUNTO DE ACCESO ADICIONAL DE MATERIA--TÉRMINO DE MATERIA
Término de materia o nombre geográfico como elemento de entrada FIGURA HUMANA
Fuente del encabezamiento o término Tesauro de Arte & Arquitectura
942 ## - ELEMENTOS DE ENTRADA SECUNDARIOS (KOHA)
Fuente del sistema de clasificación o colocación Clasificación Decimal Dewey
Tipo de ítem Koha Libros
Suprimir en OPAC No
Parte de la signatura que corresponde a la clasificación (Parte de la clasificación) 743.5
Parte de la signatura que identifica el ejemplar (Parte del ítem) P419c
Holdings
Estatus retirado Estado de pérdida Fuente del sistema de clasificación o colocación Estado de daño No para préstamo Biblioteca de origen Biblioteca actual Fecha de adquisición Número de inventario Total de préstamos Signatura topográfica completa Código de barras Visto por última vez Precio de reemplazo Tipo de ítem Koha
    Clasificación Decimal Dewey     Biblioteca LadoV Biblioteca LadoV 26/01/2023 001345   743.5 P419c 001345 26/01/2023 26/01/2023 Libros